000 00690nam a2200193 a 4500
001 000016231
005 20200929164329.0
008 100301s1969 dr 000 0 spa d
040 _aDO-SdBNP
_bspa
_cBNPHU
082 _axxx
_bL681o
110 1 _aRepublica Dominicana.
_bOficina Nacional de Presupuesto ( ONAPRES)
_936280
240 1 3 _a[Leyes etc.]
245 1 0 _aLey orgánica de presupuesto para el sector público. :
_badministración presupuestaria.
260 _aSanto Domingo :
_bONAPRES,
_c1969.
300 _a23 p. ;
_c21 cm.
500 _aPublicada en la gaceta oficial num. 9170, de fecha 20-12-69
710 2 _aOficina Nacional de Presupuesto ( ONAPRES)
_936281
049 _aBNPD
999 _c15769
_d15769